【プロ野球】2026年の埼玉西武ライオンズの選手 - Statistics

General Stats
  • This quiz has been taken 44 times
    18 since last reset
  • The average score is 56 of 68
Answer Stats
背番号 Answer % Correct
13 髙橋光成
100%
16 隅田知一郎
100%
20 岩城颯空
100%
61 平良海馬
100%
10 小島大河
100%
22 古賀悠斗
100%
27 炭谷銀仁朗
100%
0 児玉亮涼
100%
4 石井一成
100%
5 外崎修汰
100%
6 源田壮亮
100%
39 平沢大河
100%
60 中村剛也
100%
62 滝澤夏央
100%
1 栗山巧
100%
8 渡部聖弥
100%
9 蛭間拓哉
100%
25 カナリオ
100%
51 西川愛也
100%
63 長谷川信哉
100%
11 上田大河
92%
12 渡邉勇太朗
92%
15 與座海人
92%
21 武内夏暉
92%
34 甲斐野央
92%
36 山田陽翔
92%
45 ウィンゲンター
92%
52 篠原響
92%
56 ラミレス
92%
57 黒田将矢
92%
37 柘植世那
92%
32 山村崇嘉
92%
7 桑原将志
92%
73 林安可
92%
30 ワイナンス
83%
43 羽田慎之介
83%
58 中村祐太
83%
71 菅井信也
83%
00 仲田慶介
83%
2 齋藤大翔
83%
19 佐藤隼輔
75%
40 堀越啓太
75%
42 ボー・タカハシ
75%
70 豆田泰志
75%
75 佐藤爽
75%
90 浜屋将太
75%
53 牧野翔矢
75%
26 ネビン
75%
99 村田怜音
75%
68 岸潤一郎
75%
23 糸川亮太
67%
29 青山美夏人
67%
54 黒木優太
67%
64 龍山暖
67%
59 横田蒼和
67%
35 秋山俊
67%
55 仲三優太
67%
17 松本航
58%
41 成田晴風
58%
67 冨士大和
58%
38 佐藤太陽
58%
31 茶野篤政
58%
44 林冠臣
58%
46 狩生聖真
50%
47 杉山遙希
50%
50 髙松渡
42%
33 古川雄大
42%
66 川田悠慎
42%
No matching quizzes found
Score Distribution
Percent of People with Each Score
Percentile by Number Answered
Your Score History
You have not taken this quiz since the last reset